[Event "Nuremberg-ch op 01st"]
[Site "Nuremberg"]
[Date "2001.06.03"]
[Round "1"]
[White "Ackermann, Robert"]
[Black "Meisel, Frank"]
[Result "1/2-1/2"]
[WhiteElo "1928"]
[BlackElo "1456"]
[PlyCount "81"]
[EventDate "2001.06.01"]
[EventType "swiss"]
[EventRounds "5"]
[EventCountry "GER"]
[SourceTitle "EXT 2003"]
[Source "ChessBase"]
[SourceDate "2002.11.25"]
[SourceVersion "1"]
[SourceVersionDate "2002.11.25"]
[SourceQuality "1"]

1. b4 e5 2. Bb2 d6 3. e3 Be6 4. c4 Nf6 5. Nc3 Nbd7 6. Be2 Be7 7. Nf3 0-0 8. Ng5 Bf5 9. g4 Nxg4 10. Bxg4 Bxg4 11. Qxg4 Bxg5 12. Rg1 Bh6 13. 0-0-0 g6 14. h4 Nf6 15. Qe2 Qd7 16. h5 Qf5 17. hxg6 fxg6 18. Rg2 Rf7 19. Rh1 Bf8 20. a3 Rd8 21. e4 Qe6 22. Nd1 Rg7 23. Ne3 Nh5 24. Qf1 Be7 25. Qg1 Nf4 26. Kc2 Nxg2 27. Qxg2 Rf8 28. d3 Rf4 29. Bc1 Rh4 30. Re1 Qh3 31. Qg1 Qh2 32. Qf1 Rf7 33. Nd1 Rf3 34. Be3 Rf7 35. a4 a6 36. Nc3 Rh3 37. Qe2 Rhf3 38. Nd1 Bh4 39. Rf1 g5 40. Qe1 g4 41. Rh1 1/2-1/2